header

Understanding social problems / (Record no. 250279)

MARC details
000 -LEADER
fixed length control field 01488cam a22003494a 4500
001 - CONTROL NUMBER
control field 14122902
003 - CONTROL NUMBER IDENTIFIER
control field OSt
005 - DATE AND TIME OF LATEST TRANSACTION
control field 20151007170559.0
008 - FIXED-LENGTH DATA ELEMENTS--GENERAL INFORMATION
fixed length control field 050928s2007 cauab b 001 0 eng
010 ## - LIBRARY OF CONGRESS CONTROL NUMBER
LC control number 2005934718
020 ## - INTERNATIONAL STANDARD BOOK NUMBER
International Standard Book Number 0495091588
040 ## - CATALOGING SOURCE
Original cataloging agency DLC
Transcribing agency DLC
Modifying agency DLC
043 ## - GEOGRAPHIC AREA CODE
Geographic area code n-us---
050 00 - LIBRARY OF CONGRESS CALL NUMBER
Classification number HN59.2
Item number .M66 2005
100 1# - MAIN ENTRY--PERSONAL NAME
Personal name Mooney, Linda A.
245 10 - TITLE STATEMENT
Title Understanding social problems /
Statement of responsibility, etc Linda A. Mooney, David Knox, Caroline Schacht.
250 ## - EDITION STATEMENT
Edition statement 5th ed.
260 ## - PUBLICATION, DISTRIBUTION, ETC. (IMPRINT)
Place of publication, distribution, etc Belmont, CA :
Name of publisher, distributor, etc Thomson Higher Education,
Date of publication, distribution, etc c2007.
300 ## - PHYSICAL DESCRIPTION
Extent 1 v. (various pagings) :
Other physical details ill. (chiefly col.), col. maps ;
Dimensions 26 cm.
504 ## - BIBLIOGRAPHY, ETC. NOTE
Bibliography, etc Includes bibliographical references and indexes.
650 #0 - SUBJECT ADDED ENTRY--TOPICAL TERM
Topical term or geographic name as entry element Social problems
Geographic subdivision United States.
651 #0 - SUBJECT ADDED ENTRY--GEOGRAPHIC NAME
Geographic name United States
General subdivision Social conditions
Chronological subdivision 1980-
700 1# - ADDED ENTRY--PERSONAL NAME
Personal name Knox, David,
Dates associated with a name 1943-
Personal name Schacht, Caroline.
856 42 - ELECTRONIC LOCATION AND ACCESS
Materials specified Contributor biographical information
Uniform Resource Identifier <a href="http://www.loc.gov/catdir/enhancements/fy1515/2005934718-b.html">http://www.loc.gov/catdir/enhancements/fy1515/2005934718-b.html</a>
Materials specified Publisher description
Uniform Resource Identifier <a href="http://www.loc.gov/catdir/enhancements/fy1515/2005934718-d.html">http://www.loc.gov/catdir/enhancements/fy1515/2005934718-d.html</a>
Materials specified Table of contents only
Uniform Resource Identifier <a href="http://www.loc.gov/catdir/enhancements/fy1515/2005934718-t.html">http://www.loc.gov/catdir/enhancements/fy1515/2005934718-t.html</a>
906 ## - LOCAL DATA ELEMENT F, LDF (RLIN)
a 7
b cbc
c origcop
d 3
e epcn
f 20
g y-gencatlg
942 ## - ADDED ENTRY ELEMENTS (KOHA)
Source of classification or shelving scheme Library of Congress Classification
Koha item type Long Loan Books
Holdings
Withdrawn status Lost status Source of classification or shelving scheme Damaged status Not for loan Collection code Home library Current library Shelving location Date acquired Total Checkouts Full call number Barcode Date last seen Price effective from Koha item type
    Library of Congress Classification     Non-fiction Rongo University Library Rongo University Library General Stacks 07/10/2015   HN59.2 .M66 2005 20088329 07/10/2015 07/10/2015 Long Loan Books

© 2026 Rongo University
Contact us: librarian | system librarian | Rongo university